Derecho administrativo español (Registro nro. 312983)

Detalles MARC
000 -ENCABEZADO
Número de control [NR] 00604 a2200169 4500
005 - FECHA Y HORA DE LA ÚLTIMA TRANSACCIÓN
control field 20190909122932.0
008 - DE LONGITUD FIJA DE DATOS DE ELEMENTOS - INFORMACIÓN GENERAL
Elementos de longitud fija [NR] 190606b2005 mx ||||| |||| 00| 0 spa d
020 ## - NUMERO INTERNACIONAL NORMALIZADO PARA LIBROS [R]
Número Internacional Normalizado del libro [NR] 9789700752945
040 ## - FUENTE DE CATALOGACION [NR]
Agencia de catalogación original [NR] CO-BoUCM
Idioma de catalogación [NR] spa
Quien Cataloga Oscar Ávila (modificó)
Quien Clasifica Oscar Ávila (modificó)
041 0# - CODIGO DE IDIOMA [R]
Código de idioma para texto/pista de sonido o título separado [R] Español
100 10 - ASIENTO PRINCIPAL--NOMBRE PERSONAL [NR]
Nombre personal [NR] Rodriguez-Arana, Jaime
ID Autoridad 96894
245 10 - MENCION DE TITULO [NR]
Título [NR] Derecho administrativo español
Mención de responsabilidad, etc. [NR] Jaime Rodríguez-Arana
260 ## - PUBLICACION, DISTRIBUCION, ETC. (PIE DE IMPRENTA) [R]
Nombre del editor, distribuidor, etc. [R] Editorial Porrua Mexico
Fecha de publicación, distribución, etc. [R] 2005
Lugar de publicación, distribución, etc. [R] México
Fecha de fabricación [R] 2005
650 #7 - ASIENTO SECUNDARIO DE MATERIA - TERMINO TEMATICO [R]
Término temático o nombre geográfico como elemento de entrada [NR] Derecho administrativo
Subdivisión geográfica [R] España
9 (RLIN) 59076
942 ## - ELEMENTOS DE ENTRADA AGREGADOS (KOHA)
Tipo de ítem principal el descrito en 300a Libro
Sistema de clasificación DEWEY
Tema principal Derecho
Edición 1
Clasificación 342.46
Parte restante de la signatura top. R696d
Existencias
Signatura topográfica Código de barras Última vez visto Ejemplar Costo de reposición Price effective from Tipo de ítem Perdido Sistema de clasificación Dañado No prestable Tipo de ítem específico Suprimido Ubicación habitual Ubicación actual Localización Fecha de creación Proveedor Forma de adquisición Costo
342.46 R696d 100161158 06/12/2024 Ej.1 26000.00 05/06/2019 Libro   DEWEY     Libro   BodegaJK Claustro Préstamo 2 días después de solicitado 05/06/2019 12 Donación 0.00